000 00622nam a2200217Ia 4500
005 20241129104120.0
008 241129s9999||||xx |||||||||||||| ||und||
020 _a9783030643072
037 _aTextual
040 _aRTL
_beng
_cRTL
041 _aeng
_2eng
084 _aH4132 R1
_qRTL
100 _aWang Chi-Yuen; Manga Michael
_9724835
245 0 _aWater and earthquakes
_cWang Chi-Yuen; Manga Michael
260 _aSwitzerland
_bSpringer
_c2021
300 _axvi,387p.
365 _aINR
_b4512.59
650 _aWater and Earthquakes
_9724836
942 _cTB
_hH4132 R1
999 _c1224483
_d1224483